| 000 | 00748nam a22002417a 4500 | ||
|---|---|---|---|
| 003 | PE SENCICO BE | ||
| 005 | 20251020182637.0 | ||
| 008 | 230518b |||||||| |||| 00| 0 eng d | ||
| 020 | _a978-958-742-030-2 | ||
| 040 |
_aPE SENCICO BE _cPE SENCICO BE |
||
| 041 | _aspa | ||
| 082 |
_a747 _bA _c2013 |
||
| 245 | 1 |
_aAxxis : _banuario 2013, arquitectura, diseño y decoración / _cdirector: Ana María Fries |
|
| 260 |
_aBogotá : _bEdiciones Gamma, _c2012 |
||
| 300 |
_a237 p. : _bil. col., lams. ; _c30 cm. |
||
| 650 | 1 | 4 |
_944 _aDiseño de interiores |
| 650 | 2 | 4 |
_9370 _aArquitectura de viviendas |
| 650 | 2 | 4 |
_977 _aViviendas |
| 650 | 2 | 4 |
_9190 _aCasas de campo |
| 700 | 1 |
_91054 _aFríes, Ana María |
|
| 910 |
_bhfp _chfp |
||
| 942 |
_2ddc _cLIB |
||
| 999 |
_c4160 _d4160 |
||